| 000 | 00470nam a2200157 4500 | ||
|---|---|---|---|
| 001 | 126616 | ||
| 003 | ES-MaACL | ||
| 005 | 20230906192841.0 | ||
| 007 | t| | ||
| 008 | 070214s1962 sp r ||||1| spa d | ||
| 100 | 1 |
_aRequena, Fermín. _996291 |
|
| 245 | 1 | 0 |
_aTiempos heroicos de la Antequera cristiana / _cFermín Requena. |
| 260 |
_aAntequera : _b[s. n.], _c1962 ( _fGráf. San Rafael) |
||
| 300 |
_a126 p., 4 lám. ; _c20 cm. |
||
| 852 |
_aES-MaACL _jC-24901 _bR.51387 |
||
| 999 |
_c126616 _d126616 |
||